000
00241nam a22000977a 4500
999
_c
11445
_d
11445
008
190524b ||||| |||| 00| 0 eng d
020
_a
9789380058306
100
_a
Mind Fuels
_9
7167
245
_a
Frecher Til Til
260
_a
New Delhi
_b
Mind Fuels